000 01005cam a22001814a 4500
005 20250605163721.0
008 250528s ||||||||||||||||||||||||d
035 _a24919
020 _a9781422190128
040 _aGR-AtMCL
_bgre
_dGR-AtMCL
_eAACR2
245 1 _aOn Collaboration / If You Read Nothing Else on Collaborating Effectively and read These Definitive Articles from Harvard Business Review
260 _bHarvard Business Review Press,
_c2013
300 _a168
520 _aAre You a Collaborative Leader, Social Intelligence and the Biology of Leadership, Bringing Minds Together, Building a Collaborative Enterprise, Silo Busting: How to Execute on the Promise of Customer Focus, Harnessing Your Staff's Informal Networks, Want Collaboration? Accept and Actively Manage and Conflict, Shattering the Myths About Enterprise, When Internal Collaboration Is Bad for Your Company, Which Kind of Collaboration is Right for You, Index.
942 _cBK
999 _c9750
_d9750